00651 2200241 4500001002100000005001700021008004100038020001800079035002400097090001500121100001900136245007000155250001100225260004100236300002400277500002700301650002200328850001300350980001300363985000600376986001200382999001500394YOGYA-0209000001958220090227023009.0 ind  a979-421-896-0 0010-020900000019582 a355bKha K aKHAZAWI, Alami aKejahatan terhadap keamanan dan keselamatan negaracAlami Chazawi aCet. 1 aJakartabRaja Grasindo Persadac2002 axiv, 236 hlmc21 cm aBibliografi : hlm. 193 aKeamanan Nasional aYOPDYOGB a29-03-06 a1 aPKL-ATM a03P0001715